| 000 | 00000nam##2200000za#4500 |
| 001 | 9.640660 |
| 003 | CaOODSP |
| 005 | 20210624222800 |
| 007 | cr ||||||||||| |
| 008 | 150407|1991||||xxc|||||o f|0| 0 fre|d |
| 040 | |aCaOODSP|bfre |
| 043 | |an-cn--- |
| 086 | 1 |aH68-29/1991F-PDF |
| 110 | 1 |aCanada.|bConseil national du bien-être social. |
| 245 | 10|aComment combattre la pauvreté chez les enfants : |h[ressource électronique]|bun mémoire du Conseil national du bien-être social présenté au Sous-comité sur la pauvreté du Comité permanent de la santé et du bien-être social, des affaires sociales, du troisième âge et de la condition féminine de la Chambre des communes |
| 260 | |aOttawa - Ontario : |bConseil national du bien-être social |cAvril 1990, c1991. |
| 300 | |a66p.|bgraphiques, tableaux |
| 500 | |aLe nombre d'exemplaires disponibles est limité. |
| 500 | |aLe n° de catalogue (H68-29/1991F) et l'ISBN (0-662-96702-X) de l'édition imprimée ont été incorrectement copiés dans la publication électronique. |
| 590 | |a12-35-Supp|b2012-08-09 |
| 691 | 07|aPauvreté dans l'enfance|2gcpds |
| 775 | 08|tFighting child poverty : |w(CaOODSP)9.696550 |
| 776 | 0#|tComment combattre la pauvreté chez les enfants : |w(CaOODSP)9.678753 |
| 856 | 40|ahttp://publications.gc.ca|qPDF|s18.81 Mo|uhttps://publications.gc.ca/collections/collection_2012/cnb-ncw/H68-29-1991-fra.pdf |